| 000 | 00496nam a2200169Ia 4500 | ||
|---|---|---|---|
| 999 |
_c12925 _d12925 |
||
| 003 | OSt | ||
| 005 | 20201116131031.0 | ||
| 008 | 190216s9999||||xx |||||||||||||| ||und|| | ||
| 040 | _coclc | ||
| 082 |
_a428 _bGOW/T |
||
| 100 |
_a Gowers, Ernest _96619 |
||
| 245 | 4 |
_aThe Complete Plain Words / _cErnest Gowers |
|
| 260 |
_bThe English Language Book Society, _c1973. _aNew zealand ; |
||
| 300 | _a332p | ||
| 650 | _aEnglish Story | ||
| 942 |
_cBK _2ddc _h428 _iGOW/T _k428 _mGOW/T |
||